Plantilla Athletic Club de Bilbao La Liga 24/25 - Estadísticas

Estadísticas generales
  • Esta prueba ha sido intentada 106 veces
  • La puntuación promedio es 20 de 27
Estadísticas de respuestas
Imagen Hint Respuesta % Correcto
10 Nico Williams
99%
1 Unai Simón
99%
8 O. Sancet
94%
3 Vivian
94%
9 Williams
94%
18 De Marcos
93%
7 Berenguer
88%
5 Yeray
86%
17 Yuri
85%
12 Guruzeta
81%
Entrenador Ernesto Valverde
80%
4 Paredes
80%
20 Unai Gómez
80%
11 A. Djaló
79%
2 Gorosabel
77%
21 Maroan
77%
6 Vesga
77%
15 I. Lekue
74%
14 Núñez
74%
13 Agirrezabala
71%
16 L. de Galarreta
71%
24 Prados
67%
32 Adama
58%
28 Canales
28%
33 Olabarrieta
24%
43 Buján
19%
23 Jauregiziar
0%
No se encontraron pruebas coincidentes
Distribución de puntuación
Porcentaje de gente con cada puntuación
Porcentaje por número respondido
Historial de tus puntuaciones
No has intentado esta prueba.